[Event "DEM U12w 2017"]
[Site "Willingen GER"]
[Date "2017.06.10"]
[Round "11"]
[White "Peglau, Mirjam"]
[Black "Evering, Enna"]
[Result "1-0"]
[Termination "normal"]
[Board "7"]
[WhiteElo "1579"]
[BlackElo "1419"]
[PlyCount "119"]
[WhiteFideId "16211138"]
[BlackFideId "16218213"]
[EventCountry "GER"]
[EventRounds "11"]
[EventType "swiss"]
[EventDate "2017.06.03"]

1. e4 e5 2. Nf3 Nc6 3. Bc4 Nf6 4. d3 Be7 5. O-O O-O 6. c3 d6 7. h3 Na5 8. Bb5
c6 9. Ba4 b5 10. Bc2 Qc7 11. Re1 Bd7 12. Nbd2 Nb7 13. Nf1 Nd8 14. Ng3 Ne6 15.
d4 Rfe8 16. Be3 Nf8 17. Qd2 Ng6 18. Rad1 Rad8 19. d5 a5 20. a3 h6 21. Bb3 a4
22. Ba2 Rc8 23. Rc1 Red8 24. c4 Qb7 25. cxb5 cxb5 26. Rxc8 Rxc8 27. Rc1 Rxc1+
28. Qxc1 Qc8 29. Ne1 Qxc1 30. Bxc1 Nf4 31. f3 Ne8 32. Bxf4 exf4 33. Ne2 Bf6 34.
Nd3 g5 35. Kf2 Bg7 36. Nc3 f5 37. Nb4 fxe4 38. fxe4 Kf7 39. Nc6 Nc7 40. Bb1 Ke8
41. Bd3 Bxc3 42. bxc3 Bxc6 43. dxc6 Kd8 44. Kf3 Ke7 45. Kg4 Kf7 46. c4 bxc4 47.
Bxc4+ Kg6 48. Bd3 h5+ 49. Kf3 Kf7 50. Bc2 Ke8 51. Bxa4 Kd8 52. Bd1 h4 53. Kg4
Ne6 54. Bb3 Nc5 55. Bd5 Na4 56. Kxg5 Nc3 57. Kxh4 Kc7 58. Kg5 Nxd5 59. exd5 f3
60. gxf3 1-0

[Event "DEM U12w 2017"]
[Site "Willingen GER"]
[Date "2017.06.10"]
[Round "11"]
[White "Stowicek, Yara Mathilda"]
[Black "Reichelt, Lena"]
[Result "1/2-1/2"]
[Termination "normal"]
[Board "8"]
[WhiteElo "1455"]
[BlackElo "1467"]
[PlyCount "93"]
[WhiteFideId "16203569"]
[BlackFideId "12981184"]
[EventCountry "GER"]
[EventRounds "11"]
[EventType "swiss"]
[EventDate "2017.06.03"]

1. e4 e6 2. d4 d5 3. Nd2 Nf6 4. e5 Nfd7 5. Bd3 c5 6. c3 Nc6 7. Ne2 cxd4 8. cxd4
f6 9. exf6 Nxf6 10. O-O Bd6 11. Nf3 Qc7 12. Be3 O-O 13. Nc3 a6 14. Rc1 b5 15.
Qe2 Bd7 16. Rc2 Rac8 17. Rfc1 Qa7 18. h3 Nb4 19. Rd2 Nxd3 20. Qxd3 Rc7 21. Ne5
Qb7 22. Rdc2 Rfc8 23. g4 Be8 24. f4 b4 25. Ne2 Bxe5 26. dxe5 Rxc2 27. Rxc2 Bb5
28. Qd1 Ne4 29. Nd4 Bd7 30. f5 exf5 31. gxf5 Rxc2 32. Qxc2 Qc8 33. Qxc8+ Bxc8
34. Kg2 Kf7 35. Kf3 g6 36. Kf4 gxf5 37. Nxf5 Bxf5 38. Kxf5 Ng3+ 39. Kf4 Ne4 40.
Bd4 Ke6 41. h4 a5 42. Bb6 a4 43. b3 axb3 44. axb3 Nd2 45. Bc5 Nxb3 46. Bxb4 Nd4
47. Bd6 1/2-1/2

[Event "DEM U12w 2017"]
[Site "Willingen GER"]
[Date "2017.06.10"]
[Round "11"]
[White "Karlinger De la Quintana, Ainhoa"]
[Black "Zöllner, Bente"]
[Result "0-1"]
[Termination "normal"]
[Board "9"]
[WhiteElo "1344"]
[BlackElo "1397"]
[PlyCount "112"]
[WhiteFideId "16217268"]
[BlackFideId "16230523"]
[EventCountry "GER"]
[EventRounds "11"]
[EventType "swiss"]
[EventDate "2017.06.03"]

1. b4 e5 2. a3 Ne7 3. Bb2 d6 4. e3 g6 5. Nf3 Bg7 6. Be2 O-O 7. O-O Bg4 8. h3 e4
9. Bxg7 exf3 10. Bxf3 Bxf3 11. Qxf3 Kxg7 12. Qxb7 Nbc6 13. Qb5 a5 14. bxa5 Rxa5
15. Qe2 Qb8 16. Qd3 Qb2 17. Qc3+ Qxc3 18. Nxc3 Rfa8 19. a4 Nd5 20. Ra3 Ncb4 21.
Nxd5 Nxd5 22. Rd3 Nb4 23. Rc3 c5 24. Ra1 Rxa4 25. Rxa4 Rxa4 26. Rc4 Ra2 27. d4
Rxc2 28. Rxc2 Nxc2 29. dxc5 dxc5 30. Kf1 Kf6 31. Ke2 Ke5 32. Kd3 Na3 33. f4+
Kd5 34. e4+ Kc6 35. g4 Nb5 36. f5 Kd6 37. Kc4 Nd4 38. fxg6 fxg6 39. e5+ Kxe5
40. Kxc5 Nf3 41. Kc4 Kf4 42. Kd5 Kg3 43. Ke6 Kxh3 44. Kf7 Kxg4 45. Kg7 h5 46.
Kh6 h4 47. Kxg6 h3 48. Kf6 h2 49. Ke6 h1=Q 50. Kf6 Qe1 51. Kg6 Qe6+ 52. Kh7 Qf6
53. Kg8 Qe7 54. Kh8 Ng5 55. Kg8 Qh7+ 56. Kf8 Qf7# 0-1

[Event "DEM U12w 2017"]
[Site "Willingen GER"]
[Date "2017.06.10"]
[Round "11"]
[White "Bayer, Melissa"]
[Black "Doll, Rebecca"]
[Result "1-0"]
[Termination "normal"]
[Board "10"]
[WhiteElo "1583"]
[BlackElo "1473"]
[PlyCount "129"]
[WhiteFideId "16206916"]
[BlackFideId "16236890"]
[EventCountry "GER"]
[EventRounds "11"]
[EventType "swiss"]
[EventDate "2017.06.03"]

1. d4 d5 2. Bf4 e6 3. e3 Nf6 4. Nf3 Bd6 5. Bg3 Nbd7 6. Ne5 Ne4 7. Qh5 Qf6 8.
Nxd7 Bxd7 9. Qf3 Qxf3 10. gxf3 Nf6 11. Nd2 Ke7 12. e4 dxe4 13. fxe4 Bxg3 14.
hxg3 Bc6 15. f3 Nd7 16. Bc4 Nb6 17. Bb3 Rad8 18. c3 h6 19. Kf2 Rhe8 20. Rhe1
Kf8 21. Rad1 a6 22. Nf1 a5 23. a3 Ba4 24. Bxa4 Nxa4 25. Rd2 Nb6 26. Ne3 Rd7 27.
Red1 Red8 28. Ke2 c6 29. b3 a4 30. Nc4 Nxc4 31. bxc4 b5 32. cxb5 cxb5 33. Rb1
Rb7 34. Rdb2 Rc8 35. Kd3 Rbc7 36. Rc2 Rb7 37. c4 bxc4+ 38. Rxc4 Rxb1 39. Rxc8+
Ke7 40. Rc3 Kd6 41. e5+ Kd7 42. Rc4 Rb3+ 43. Rc3 Rb2 44. Kc4 Kc6 45. d5+ exd5+
46. Kd4+ Kd7 47. Kxd5 Rb5+ 48. Ke4 Ke6 49. Rc6+ Kd7 50. Ra6 Rb3 51. Rxa4 Ke6
52. g4 g6 53. Ra6+ Kd7 54. a4 h5 55. gxh5 gxh5 56. Kf4 h4 57. Kg4 Rb4+ 58. f4
h3 59. Kxh3 Rxf4 60. Rd6+ Ke7 61. a5 f6 62. Rxf6 Ra4 63. a6 Kd7 64. a7 Kc7 65.
Rf8 1-0

[Event "DEM U12w 2017"]
[Site "Willingen GER"]
[Date "2017.06.10"]
[Round "11"]
[White "Jünk, Ellen"]
[Black "Schulz, Hannah"]
[Result "0-1"]
[Termination "normal"]
[Board "11"]
[WhiteElo "1446"]
[BlackElo "1218"]
[PlyCount "120"]
[WhiteFideId "16206487"]
[BlackFideId "16244745"]
[EventCountry "GER"]
[EventRounds "11"]
[EventType "swiss"]
[EventDate "2017.06.03"]

1. e4 c6 2. d4 d5 3. Nc3 dxe4 4. Nxe4 Nf6 5. Nc3 Bg4 6. f3 Bf5 7. Bf4 Nbd7 8.
Bd3 Bxd3 9. Qxd3 a6 10. Nge2 c5 11. a4 e6 12. Bg3 cxd4 13. Nxd4 Bc5 14. Nce2
O-O 15. c3 Rc8 16. b4 Bb6 17. c4 Bc7 18. c5 Bxg3+ 19. hxg3 h6 20. g4 Ne5 21.
Qc3 b6 22. O-O-O bxc5 23. bxc5 Qe7 24. c6 Rc7 25. Kd2 Nxc6 26. Rc1 Nxd4 27.
Qxc7 Nb3+ 28. Ke1 Qb4+ 29. Qc3 Nxc1 30. Kd2 Qxc3+ 31. Nxc3 Nb3+ 32. Kc2 Nd4+
33. Kb2 Rb8+ 34. Kc1 Kf8 35. Rd1 Nb3+ 36. Kc2 Ke7 37. Rd3 Nc5 38. Rd4 Nfd7 39.
Rd1 Kf6 40. a5 Ke5 41. g3 f5 42. gxf5 exf5 43. f4+ Ke6 44. Re1+ Kf6 45. Nd5+
Kg6 46. Rh1 Re8 47. Kd2 Ne4+ 48. Kc2 Nxg3 49. Rg1 Re2+ 50. Kd1 Kf7 51. Rxg3 Re4
52. Rf3 Rd4+ 53. Ke2 Rxd5 54. Rc3 g5 55. Kf3 g4+ 56. Kg3 h5 57. Kh4 Kg6 58. Ra3
Rd1 59. Kg3 Rg1+ 60. Kh4 Rh1+ 0-1

[Event "DEM U12w 2017"]
[Site "Willingen GER"]
[Date "2017.06.10"]
[Round "11"]
[White "Erdösi, Anna"]
[Black "Werner, Rosalie"]
[Result "1/2-1/2"]
[Termination "normal"]
[Board "12"]
[WhiteElo "1321"]
[BlackElo "1397"]
[PlyCount "111"]
[WhiteFideId "12993883"]
[BlackFideId "16223748"]
[EventCountry "GER"]
[EventRounds "11"]
[EventType "swiss"]
[EventDate "2017.06.03"]

1. e4 e6 2. d4 d5 3. Nd2 Nf6 4. e5 Nfd7 5. Bd3 c5 6. c3 f6 7. exf6 Nxf6 8. Ne2
Bd6 9. O-O O-O 10. Nf3 cxd4 11. cxd4 Nc6 12. h3 Nb4 13. Bb1 Bd7 14. Be3 Qc7 15.
a3 Nc6 16. Re1 Rae8 17. b4 a6 18. Bd3 e5 19. dxe5 Nxe5 20. Nxe5 Bxe5 21. Rc1
Qb8 22. Qb3 Kh8 23. Bg5 Be6 24. Qb1 h6 25. Be3 Ne4 26. Bxe4 dxe4 27. Qxe4 Bxh3
28. Qh4 Bf5 29. Nd4 Bh7 30. Qg4 Bf4 31. Ne6 Rxe6 32. Qxe6 Re8 33. Bxf4 Rxe6 34.
Bxb8 Rxe1+ 35. Rxe1 Kg8 36. a4 Kf7 37. b5 Bc2 38. bxa6 bxa6 39. a5 Bd3 40. Re3
Bb5 41. Re5 Bc6 42. Rc5 Ba4 43. Re5 Kf6 44. Kh2 g5 45. g3 Bb3 46. f4 Ba4 47.
Kg1 Bb3 48. Kf2 g4 49. Rc5 Ba4 50. Rd5 Ke6 51. Rd6+ Kf5 52. Rxa6 Ke4 53. Rxh6
Bb5 54. a6 Bxa6 55. Rxa6 Kf5 56. Ke3 1/2-1/2

[Event "DEM U12w 2017"]
[Site "Willingen GER"]
[Date "2017.06.10"]
[Round "11"]
[White "Wiemann, Vanessa"]
[Black "Zixin, Li"]
[Result "1-0"]
[Termination "normal"]
[Board "13"]
[WhiteElo "1305"]
[BlackElo "1094"]
[PlyCount "79"]
[WhiteFideId "12942987"]
[BlackFideId "16244770"]
[EventCountry "GER"]
[EventRounds "11"]
[EventType "swiss"]
[EventDate "2017.06.03"]

1. e4 e5 2. Nf3 Nc6 3. Bc4 Bc5 4. c3 Nf6 5. d4 exd4 6. cxd4 Bb4+ 7. Bd2 Nxe4 8.
Bxb4 Nxb4 9. Bxf7+ Kxf7 10. Qb3+ d5 11. Qxb4 Re8 12. O-O c6 13. Qb3 Qb6 14.
Qxb6 axb6 15. Ne5+ Ke6 16. f3 Nd6 17. Nc3 Bd7 18. Rfe1 Nf5 19. g4 Nh6 20. Nxc6+
Kd6 21. Ne5 Rac8 22. Nxd7 Kxd7 23. Nxd5 Rxe1+ 24. Rxe1 Rc2 25. Nxb6+ Kc6 26.
Re6+ Kb5 27. Nd5 Kc4 28. Ne3+ Kd3 29. Nxc2 Kxc2 30. b4 Kc3 31. d5 Kxb4 32. d6
Nf7 33. d7 Kc5 34. Re7 Nd8 35. Re8 Kc6 36. Rxd8 Kc7 37. Rb8 Kxd7 38. Rxb7+ Kc6
39. Rxg7 Kb5 40. Rxh7 1-0

[Event "DEM U12w 2017"]
[Site "Willingen GER"]
[Date "2017.06.10"]
[Round "11"]
[White "Derling, Charlotte"]
[Black "Schneider, Anna"]
[Result "0-1"]
[Termination "normal"]
[Board "14"]
[WhiteElo "1073"]
[BlackElo "1412"]
[PlyCount "126"]
[WhiteFideId "16222237"]
[BlackFideId "16200527"]
[EventCountry "GER"]
[EventRounds "11"]
[EventType "swiss"]
[EventDate "2017.06.03"]

1. e4 e5 2. Nf3 Nc6 3. Nc3 Nf6 4. d4 exd4 5. Nxd4 Bb4 6. Nxc6 bxc6 7. Bd2 d6 8.
Bd3 O-O 9. O-O Ng4 10. h3 Ne5 11. Qe2 Qh4 12. Qe3 h6 13. Qf4 Qh5 14. Be2 Qg6
15. Qh4 Ba6 16. Bh5 Qe6 17. Rfe1 Rab8 18. a3 Ba5 19. Rab1 Nc4 20. Bf4 Nxa3 21.
bxa3 Bxc3 22. Red1 Qxe4 23. Rbc1 Bb2 24. Re1 Qa4 25. Rb1 Qxc2 26. Qg3 Qc3 27.
Re3 Qf6 28. Rbe1 Bd4 29. Re4 Bc5 30. Re7 Rbc8 31. Bg4 Rb8 32. Rxc7 Bb5 33. Rd7
Rbd8 34. Rde7 a6 35. Kh2 Bxa3 36. Qxa3 Qxf4+ 37. Kg1 Qf6 38. Bf3 d5 39. R7e3
Qd6 40. Qxd6 Rxd6 41. Be2 Rb8 42. Rb3 Rdd8 43. Bxb5 axb5 44. Rc3 Rbc8 45. Rec1
Rd6 46. Kf1 Kf8 47. g3 Ke7 48. Ke2 Kd7 49. Kd3 Rf6 50. Rf1 c5 51. h4 Rf3+ 52.
Kd2 Rxc3 53. Kxc3 b4+ 54. Kb3 Kc6 55. Rd1 Rd8 56. Ka4 d4 57. Rc1 d3 58. Kb3 Kb5
59. f3 Rd4 60. g4 c4+ 61. Kb2 c3+ 62. Rxc3 bxc3+ 63. Kxc3 d2 0-1

[Event "DEM U12w 2017"]
[Site "Willingen GER"]
[Date "2017.06.10"]
[Round "11"]
[White "Adelhardt, Lisa"]
[Black "Pflugradt, Natalie"]
[Result "1/2-1/2"]
[Termination "normal"]
[Board "15"]
[WhiteElo "1324"]
[BlackElo "1485"]
[PlyCount "43"]
[WhiteFideId "16235380"]
[BlackFideId "16212444"]
[EventCountry "GER"]
[EventRounds "11"]
[EventType "swiss"]
[EventDate "2017.06.03"]

1. e4 e5 2. Nf3 Nc6 3. Bc4 Bc5 4. c3 Nf6 5. d4 exd4 6. cxd4 Bb4+ 7. Bd2 Bxd2+
8. Nbxd2 d5 9. exd5 Nxd5 10. O-O O-O 11. Ne5 Nxd4 12. Ne4 Nb6 13. Nxf7 Rxf7 14.
Bxf7+ Kxf7 15. Qh5+ Kg8 16. Rad1 Bf5 17. Rxd4 Qxd4 18. Qxf5 Rf8 19. Qe6+ Kh8
20. Ng5 Qf6 21. Qxf6 Rxf6 22. Rd1 1/2-1/2

[Event "DEM U12w 2017"]
[Site "Willingen GER"]
[Date "2017.06.10"]
[Round "11"]
[White "Hentschel, Lena"]
[Black "Petersen, Sophie"]
[Result "1-0"]
[Termination "normal"]
[Board "16"]
[WhiteElo "1305"]
[BlackElo "1498"]
[PlyCount "89"]
[WhiteFideId "16240324"]
[BlackFideId "16229380"]
[EventCountry "GER"]
[EventRounds "11"]
[EventType "swiss"]
[EventDate "2017.06.03"]

1. e4 c5 2. Nf3 d6 3. Bb5+ Bd7 4. Bxd7+ Qxd7 5. O-O g6 6. Re1 Bg7 7. c3 Nc6 8.
d4 cxd4 9. cxd4 Nf6 10. Nc3 O-O 11. Bf4 Rac8 12. Rc1 Rfd8 13. d5 Nb4 14. a3 Na6
15. Qd2 Nc5 16. Qe3 Ng4 17. Qe2 Nb3 18. Rc2 Nd4 19. Nxd4 Bxd4 20. Rf1 Bg7 21.
h3 Ne5 22. Bxe5 Bxe5 23. Rfc1 a6 24. f3 b5 25. Qd2 Qa7+ 26. Kh1 Qd7 27. Ne2 Kg7
28. Nd4 h5 29. Nc6 Re8 30. Nxe5 dxe5 31. Rc6 Rxc6 32. Rxc6 e6 33. Rxa6 exd5 34.
exd5 Rc8 35. d6 Re8 36. Qd3 f5 37. Qe3 Kf6 38. Kg1 f4 39. Qe4 Rc8 40. Rb6 Rc1+
41. Kh2 Qa7 42. Qb7 Qa4 43. d7+ Kf5 44. d8=Q e4 45. Qdd5# 1-0

[Event "DEM U12w 2017"]
[Site "Willingen GER"]
[Date "2017.06.10"]
[Round "11"]
[White "Gossing, Marie-Sophie"]
[Black "Avetyan, Manan"]
[Result "1/2-1/2"]
[Termination "normal"]
[Board "17"]
[WhiteElo "1033"]
[BlackElo "1284"]
[PlyCount "32"]
[WhiteFideId "16217284"]
[BlackFideId "16244737"]
[EventCountry "GER"]
[EventRounds "11"]
[EventType "swiss"]
[EventDate "2017.06.03"]

1. e4 e5 2. Nf3 Nc6 3. Bc4 Be7 4. d4 exd4 5. Nxd4 Nf6 6. Nc3 O-O 7. O-O Bb4 8.
Nd5 Bc5 9. Nb3 Nxe4 10. Qd3 Nxf2 11. Qf3 Nh3+ 12. Kh1 Nf2+ 13. Kg1 Nh3+ 14. Kh1
Nf2+ 15. Kg1 Nh3+ 16. Kh1 Nf2+ 1/2-1/2

[Event "DEM U12w 2017"]
[Site "Willingen GER"]
[Date "2017.06.10"]
[Round "11"]
[White "Gehrke, Gina Celina"]
[Black "Fayngold, Sophie"]
[Result "0-1"]
[Termination "normal"]
[Board "18"]
[WhiteElo "1435"]
[BlackElo "1139"]
[PlyCount "66"]
[WhiteFideId "16205979"]
[EventCountry "GER"]
[EventRounds "11"]
[EventType "swiss"]
[EventDate "2017.06.03"]

1. d4 d5 2. e3 e6 3. Bd3 f5 4. Nd2 Bd6 5. c3 Nf6 6. f4 c6 7. Ngf3 Nbd7 8. O-O
O-O 9. Ne5 Ne4 10. Rf3 Nxe5 11. fxe5 Be7 12. Rh3 Bg5 13. Nf3 Bh6 14. Bxe4 fxe4
15. Ne1 Rf5 16. Nc2 Qf8 17. Qe2 Bd7 18. Bd2 Qf7 19. Rf1 Rxf1+ 20. Qxf1 Qxf1+
21. Kxf1 Rf8+ 22. Ke2 b6 23. g4 c5 24. Be1 cxd4 25. exd4 Bb5+ 26. Kd1 Bd3 27.
Ne3 a5 28. Rg3 Bf4 29. Rh3 a4 30. a3 b5 31. Ng2 g5 32. Rh6 e3 33. Rxe6 e2# 0-1

[Event "DEM U12w 2017"]
[Site "Willingen GER"]
[Date "2017.06.10"]
[Round "11"]
[White "Yakovleva, Lara"]
[Black "Becker, Linda"]
[Result "1-0"]
[Termination "normal"]
[Board "19"]
[WhiteElo "944"]
[BlackElo "1142"]
[PlyCount "49"]
[WhiteFideId "16244788"]
[BlackFideId "16244753"]
[EventCountry "GER"]
[EventRounds "11"]
[EventType "swiss"]
[EventDate "2017.06.03"]

1. e4 e6 2. Nc3 d5 3. d4 Nf6 4. Bg5 Be7 5. Bd3 b6 6. Nf3 Ba6 7. Bxf6 Bxf6 8. e5
Be7 9. O-O Bxd3 10. Qxd3 O-O 11. Rae1 c5 12. Nb5 Qd7 13. b3 f6 14. dxc5 bxc5
15. c3 Nc6 16. Re3 a6 17. Na3 c4 18. bxc4 Bxa3 19. cxd5 exd5 20. exf6 Rxf6 21.
Rfe1 Bc5 22. R3e2 Bd6 23. Ng5 Rg6 24. Qxd5+ Kf8 25. Nxh7# 1-0